Leadership: (Record no. 159454)

MARC details
000 -LEADER
fixed length control field 00802nam a22002297a 4500
005 - DATE AND TIME OF LATEST TRANSACTION
control field 20181218143925.0
010 ## - LCCN (DPL NO)
LC control number ENG-124569
020 ## - INTERNATIONAL STANDARD BOOK NUMBER
International Standard Book Number 9789353162603
Terms of availability 775.00
035 ## - SYSTEM CONTROL NUMBER
System control number EN-108101
037 ## - SOURCE OF ACQUISITION
Source of stock number/acquisition DBAD/PUB.
082 ## - DEWEY DECIMAL CLASSIFICATION NUMBER
Classification number 303.34
100 ## - MAIN ENTRY--PERSONAL NAME
Personal name Hughes, Richard L.
245 ## - TITLE STATEMENT
Title Leadership:
Statement of responsibility, etc by Richard L. Hughes; Robert C. Ginnett [and] Gordon J. Curphy
Remainder of title enhancing the lessons of experience/
250 ## - EDITION STATEMENT
Edition statement 8th edn.
260 ## - PUBLICATION, DISTRIBUTION, ETC. (IMPRINT)
Name of publisher, distributor, etc Tata McGraw Hill
Date of publication, distribution, etc 2018
Place of publication, distribution, etc Chennai
270 ## - ADDRESS
Address 444,/1, Sri Ekambara Naicker Industrial Estate, Alapakkam, Porur,
City Chennai
Postal code 600116
300 ## - PHYSICAL DESCRIPTION
Extent xviii,734p.
Dimensions 26cm(pbk)
Other physical details ill. picture
500 ## - GENERAL NOTE
General note It includes name index and subject index
700 ## - ADDED ENTRY--PERSONAL NAME
Personal name Ginnett, Robert C.
700 ## - ADDED ENTRY--PERSONAL NAME
Personal name Curphy, Gordon J.
942 ## - ADDED ENTRY ELEMENTS (KOHA)
Source of classification or shelving scheme Dewey Decimal Classification
Item type English Books
Call number suffix HUG
Classification part 303.34
Holdings
Withdrawn status Lost status Not for loan Collection code Home library Current library Date acquired Source of acquisition Cost, normal purchase price Full call number Barcode Copy number Cost, replacement price Koha item type
    Not For Loan Non-fiction D.B.Act.Division Bawana 18/12/2018 DBAD/PUB 775.00 303.34 HUG EN-108101 1 775.00 English Books

© Delhi Public Library
Hit Counter
free hit counter